000
00335nam a2200133Ia 4500
008
240112s1968/JUL-DEC xx 000 0 und d
041
_a
eng
082
_a
616.05
100
_a
ELKINTON J.R.
245
_a
ANNUALS OF INTERNAL MEDICINE
260
_b
LANCASTER PRESS
_c
1968/JUL-DEC
300
_a
1366,HB
_c
(7-12)
440
_v
69
999
_c
1141242
_d
1141242